عرض عادي عرض مارك
  • Mechanics, Analytic.

مدخل مصطلح موضوعي

عدد التسجيلات المستخدمة في: 4

001 - رقم الضبط

  • حقل الضبط: 38801

003 - معرف رقم الضبط

  • حقل الضبط: OSt

005 - تاريخ ووقت أخر عملية

  • حقل الضبط: 20131101174653.0

008 - عناصر بيانات ثابتة الطول

  • حقل تحكم ثابت الطول: 131101|||a|||||| | ||| d

040 ## - مصدر الفهرسة

  • هيئة الفهرسة الأصلية: OSt
  • وكالة الكتابة: OSt

150 ## - مدخل-- مصطلح تاريخي

  • عنصر مدخل المصطلح الموضوعي او الاسم الجغرافي: Mechanics, Analytic.

670 ## - بيانات المصدر موجوده

  • الاستشهاد بالمصدر: Work cat.: (OSt)0: Woodhouse, N. M. J. (Nicholas Michael John), 1949- 38800, Introduction to analytical dynamics /, c2009.